• 首页
  • 本馆介绍
  • 公告通知
  • 最新文献
  • 馆藏检索
  • 电子资源
  • 读者导购
  • 参考咨询
  • 我的图书馆
  • 登录
  • 详细信息显示
  • 放入我的书架
  • 预约/预借图书
  • 作者相关作品
  • 分类相关作品
  • 丛书相关作品
  • 出版社相关作品

书目信息

  • 表格格式
  • 工作单格式
  • 卡片格式
题名:
几何凸函数
    
 
作者: 张小明 著
分册:  
出版信息: 合肥   安徽大学出版社  2004
页数: 181页
开本: 23cm
丛书名:
单 册:
中图分类: O174.13
科图分类:
主题词: 凸函数
电子资源:
ISBN: 7-81052-855-6
000 00707nam0 2200217 450
001 070027479240
005 20051009081716.39
010    @a7-81052-855-6@dCNY22.00
100    @a20050122d2004 ekmy0chiy0120 ea
101 0  @achi
102    @aCN@b340000
105    @ay z 000yy
200 1  @a几何凸函数@9ji he tu han shu@f张小明著@Fzhang xiao ming zhu
210    @a合肥@c安徽大学出版社@d2004
215    @a181页@d23cm
330    @a本书介绍了凸函数的几个重要性质及其应用,详细介绍几何凸函数和Schur—几何凸函数的各种性质并辅助于大量实例说明其课题的研究价值等。
606 0  @a凸函数
690    @aO174.13@v4
701  0 @a张小明@Azhang xiao ming@4著
801  0 @aCN@bTSSF@c20051009
905    @a10447@dO174.13@e131
    
    几何凸函数/张小明著.-合肥:安徽大学出版社,2004
    181页;23cm
    
    
    ISBN 7-81052-855-6:CNY22.00
    本书介绍了凸函数的几个重要性质及其应用,详细介绍几何凸函数和Schur—几何凸函数的各种性质并辅助于大量实例说明其课题的研究价值等。
●
相关链接 在E读中查询图书 在五车中查询图书 在当当中查询图书 在豆瓣中查询图书


正题名:几何凸函数     索取号:O174.13/131         预约/预借

序号 登录号 条形码 馆藏地/架位号 状态 备注
1 0364760   3647600   第二样本阅览室/ [索取号:O174.13/131] 在馆    
2 0364761   3647619   第三借阅区/ [索取号:O174.13/131] 在馆    
3 0364762   3647628   第三借阅区/ [索取号:O174.13/131] 在馆    
4 0364763   3647637   第三借阅区/ [索取号:O174.13/131] 在馆    
5 0364764   3647646   第三借阅区/ [索取号:O174.13/131] 在馆    
6 0364765   3647655   第三借阅区/ [索取号:O174.13/131] 在馆    
唐山师范学院图书馆 欢迎您!
大连网信软件有限公司© 版权所有